Southville International School and Colleges
Your cart is empty.
  • Cart
  • Lists
    Public lists Eva Luna New books Lux_list list_1
    Your lists Log in to create your own lists
  • Log in to your account
  • Your cookies
  • Search history
Southville International School and Colleges
  • Advanced search
  • Recent comments
  • Most popular
  • Libraries

Log in to your account

Log in with GOOGLE


If you do not have an external account, but do have a local account, you can still log in:

  1. Home
  2. MARC view: Best practices for corporate libraries /
Normal view MARC view ISBD view

Best practices for corporate libraries / (Record no. 15681)

[ view plain ]
MARC details
000 -LEADER
fixed length control field 01663cam a22003974a 4500
001 - CONTROL NUMBER
control field 16608938
003 - CONTROL NUMBER IDENTIFIER
control field OSt
005 - DATE AND TIME OF LATEST TRANSACTION
control field 20140310182747.0
008 - FIXED-LENGTH DATA ELEMENTS--GENERAL INFORMATION
fixed length control field 110112s2011 caua b 001 0 eng
010 ## - LIBRARY OF CONGRESS CONTROL NUMBER
LC control number 2010054167
020 ## - INTERNATIONAL STANDARD BOOK NUMBER
International Standard Book Number 9781598847376 (pbk. : acidfree paper)
020 ## - INTERNATIONAL STANDARD BOOK NUMBER
International Standard Book Number 1598847376 (pbk. : acidfree paper)
020 ## - INTERNATIONAL STANDARD BOOK NUMBER
International Standard Book Number 9781598847383 (ebook)
020 ## - INTERNATIONAL STANDARD BOOK NUMBER
International Standard Book Number 1598847384 (ebook)
035 ## - SYSTEM CONTROL NUMBER
System control number (OCoLC)ocn669750071
040 ## - CATALOGING SOURCE
Original cataloging agency DLC
Transcribing agency DLC
Modifying agency YDX
-- BTCTA
-- YDXCP
-- BWX
-- WID
-- CDX
-- DLC
042 ## - AUTHENTICATION CODE
Authentication code pcc
050 00 - LIBRARY OF CONGRESS CALL NUMBER
Classification number Z 675.C778
Item number .B47 2011
245 00 - TITLE STATEMENT
Title Best practices for corporate libraries /
Statement of responsibility, etc Sigrid E. Kelsey and Marjorie J. Porter, editors.
260 ## - PUBLICATION, DISTRIBUTION, ETC. (IMPRINT)
Place of publication, distribution, etc Santa Barbara, Calif. :
Name of publisher, distributor, etc Libraries Unlimited,
Date of publication, distribution, etc 2011.
300 ## - PHYSICAL DESCRIPTION
Extent xiii, 337 p. :
Other physical details ill. ;
Dimensions 24 cm.
490 1# - SERIES STATEMENT
Series statement The Libraries Unlimited library management collection
504 ## - BIBLIOGRAPHY, ETC. NOTE
Bibliography, etc Includes bibliographical references and index.
520 ## - SUMMARY, ETC.
Summary, etc "In this book, experts in the field describe best practices based on their experiences in corporate libraries worldwide"--Provided by publisher.
562 ## - COPY AND VERSION IDENTIFICATION NOTE
Number of copies for circulation. 1 copy available in the collection
650 #0 - SUBJECT ADDED ENTRY--TOPICAL TERM
Topical term or geographic name as entry element Corporate libraries
General subdivision Administration.
650 #0 - SUBJECT ADDED ENTRY--TOPICAL TERM
Topical term or geographic name as entry element Corporate libraries
Form subdivision Case studies.
650 #0 - SUBJECT ADDED ENTRY--TOPICAL TERM
Topical term or geographic name as entry element Information resources management.
700 1# - ADDED ENTRY--PERSONAL NAME
Personal name Kelsey, Sigrid.
700 1# - ADDED ENTRY--PERSONAL NAME
Personal name Porter, Marjorie J.
830 #0 - SERIES ADDED ENTRY--UNIFORM TITLE
Uniform title Libraries Unlimited library management collection.
906 ## - LOCAL DATA ELEMENT F, LDF (RLIN)
a 7
b cbc
c orignew
d 1
e ecip
f 20
g y-gencatlg
942 ## - ADDED ENTRY ELEMENTS (KOHA)
Source of classification or shelving scheme Library of Congress Classification
Koha item type Books
Call number prefix Foreign
Holdings
Withdrawn status Lost status Source of classification or shelving scheme Damaged status Home library Current library Shelving location Date acquired Source of acquisition Cost, normal purchase price Total Checkouts Full call number Barcode Date last seen Copy number Price effective from Koha item type
    Library of Congress Classification   College Library College Library General Circulation Section 07/16/2012 Donation 4050.00   Z 675.C778 .B47 2011 C15094 05/15/2018 1 10/18/2013 Books

Best practices for corporate libraries /

APA

Kelsey S., Porter M. J., . (2011). Best practices for corporate libraries. Santa Barbara, Calif: Libraries Unlimited.

Chicago

Kelsey Sigrid, Porter Marjorie J, . 2011. Best practices for corporate libraries. Santa Barbara, Calif: Libraries Unlimited.

Harvard

Kelsey S., Porter M. J., . (2011). Best practices for corporate libraries. Santa Barbara, Calif: Libraries Unlimited.

MLA

Kelsey Sigrid, Porter Marjorie J, . Best practices for corporate libraries. Santa Barbara, Calif: Libraries Unlimited. 2011.

  • Place hold
  • Print
  • Cite
  • Add to your cart (remove)
  • Save record
    BIBTEX Dublin Core MARCXML MARC (non-Unicode/MARC-8) MARC (Unicode/UTF-8) MARC (Unicode/UTF-8, Standard) MODS (XML) RIS
  • More searches
    Search for this title in:
    Other Libraries (WorldCat) Other Databases (Google Scholar) Online Stores (Bookfinder.com) Open Library (openlibrary.org)

Exporting to Dublin Core...

SOUTHVILLE LIBRARY

Southville International School and Colleges Library

1281 Tropical Ave. Cor. Luxembourg St., BF Homes International, Las Pinas City

Tel. No. 8256374 / 252358 Loc. 117/146

Powered by Koha